000
00390nam a2200133Ia 4500
008
100328s9999 xx 000 0 und d
082
_b
30742
100
_a
वरेरकर भार्गवराम विठ्ठल
245
_a
संजीवनी
260
_b
पॉप्युलर
630
_a
संजीवनी
730
_a
संजीवनी
942
_c
BOOK
999
_c
521707
_d
521704